000 01165cam a22001934a 4500
005 20250605163926.0
008 250528s ||||||||||||||||||||||||d
035 _a14547
020 _a415132053
040 _aGR-AtMCL
_bgre
_dGR-AtMCL
_eAACR2
245 1 _aCritical Reasoning / A Practical Introduction
260 _bRouledge,
_c1996
300 _a182
520 _aThis book is an excellent guide to the process of critical thinking. Acknowledgements, Introduction, Analyzing Reasoning, Recognizing Reasoning and Identifying Conclusions, Identifying Reasons, Identifying Assumptions, Evaluating Reasoning, Evaluating the Truth of Reasons and Assumptions, Evaluating Support for Conclusions, Evaluating Further Evidence, Summarizing the Skills of Evaluation, Recognizing Implications, Drawing Conclusions, Recognizing Implications of Arguments, Two Skills in the Use of Language, Using Language with Clarity and Precision, Summarizing Arguments, Exercising the Skills of Reasoning, Longer Passages of Reasoning, Answers to Exercises, Bibliography and Further Reading, Index.
700 1 _aThomson Anne
_9255
942 _cBK
999 _c172
_d172